Γεωλογικός χάρτης της Ελλάδος νήσος Θήρα = Geological map of Greece : Thira island

Αποθηκεύτηκε σε:
Λεπτομέρειες βιβλιογραφικής εγγραφής
Κύριος συγγραφέας: Pichler, H.
Συγγραφή απο Οργανισμό/Αρχή: Ινστιτούτο Γεωλογικών και Μεταλλευτικών Ερευνών
Άλλοι συγγραφείς: Gunther, D., Kussmaul, Siegfried
Μορφή: Χάρτης
Γλώσσα:Greek
English
Δημοσίευση: [Χ.τ] : Ινστιτούτο Γεωλογικών και Μεταλλευτικών Ερευνών (ΙΓΜΕ), 1980.
Θέματα:
Ετικέτες: Προσθήκη ετικέτας
Δεν υπάρχουν, Καταχωρήστε ετικέτα πρώτοι!

MARC

LEADER 00000nem a2200000 a 4500
001 1/117632
008 181126s1980####gr ||||| |##|||||||gre||
034 1 |a a  |b 150000 
040 |a GR-MyUa  |b gre  |c GR-MyUa  |e AACR2 
041 0 |a gre  |a eng 
089 |p M   |a ΙΓΜΕ  |s 4Α-7  
100 1 |a Pichler, H. 
245 1 0 |a Γεωλογικός χάρτης της Ελλάδος   |h [χάρτης] :   |b νήσος Θήρα = Geological map of Greece : Thira island /   |c γεωλογική χαρτογράφηση από τους Dr H. Pichler, Dr D. Gunther και Dr S. Kussmaul.  
246 1 |i Παράλληλος τίτλος:   |a Geological map of Greece :   |b Thira island  
255 |a Κλίμακα 1:50.000 ;   |b ισοδιάστασις 40 μ.  
260 |a [Χ.τ] :   |b Ινστιτούτο Γεωλογικών και Μεταλλευτικών Ερευνών (ΙΓΜΕ),   |c 1980.  
300 |a 1 χάρτης :   |b έγχρ. ;   |c 50 x 70 εκ.  
500 |a Γεωλογικός χάρτης.  
500 |a Υπόμνημα στα ελληνικά και στα αγγλικά.  
500 |a Πρόγραμμα εκπονήσεως Βασικού Γεωλογικού Χάρτης της Ελλάδος σε κλίμακα 1:50.000. Διεύθυνση Γεωλογίας και Γεωλογικών Χαρτογραφήσεων.  
508 |a Η γεωλογική χαρτογράφηση του φύλλου Θήρα έγινε από τους Dr H. Pichler, Dr D. Gunther και Dr S. Kussmaul και πετρολόγους του Παν/μίου του Tubingen της Δυτικής Γερμανίας κατά τα έτη 1967-1971. Τα νησιά Χριστιάνα χαρτογραφήθηκαν από τους ίδιους κατά το έτος 1975. Η ονοματολογία των ηφαιστειακών πετρωμάτων ακολουθεί την ταξινόμηση του RITTMANN, 1963.  
508 |a Διευθυντής: Δρ. Ι Μπορνόβας. Γενικός Διευθυντής: Δρ Ν. Αποστολίδης.  
508 |a Εκτύπωσις: ΛΙΘΟΠΡΙΝΤ - Λ. Σκουριάς Ε.Π.Ε. 
651 0 |a Santorini Island (Greece) 
651 0 |a Santorini Island (Greece)  |v Maps. 
655 7 |a Geological maps  |2 lcgft 
700 0 |a Gunther, D. 
700 0 |a Kussmaul, Siegfried. 
710 2 |a Ινστιτούτο Γεωλογικών και Μεταλλευτικών Ερευνών. 
852 |a INST  |b LESVOS  |c MAP  |e 20181129  |h M ΙΓΜΕ/4Α-7  |p 005100060829  |q 005100060829  |t MAP  |y 23 
852 |a INST  |b LESVOS  |c MAP  |e 20181130  |h M ΙΓΜΕ/4Α-7  |p 005100060834  |q 005100060834  |t MAP  |y 23 
920 |a Εργαστήριο Χαρτογραφίας και Γεωπληροφορικής  |y Λέσβος-ΤΓ  |z 2018 
970 |a Καρά   |b Γιασεμή   |z 29/11/2018